Munster Rugby - 200 or more appearances - Statistics

General Stats
  • This quiz has been taken 46 times
    36 since last reset
  • The average score is 5 of 10
Answer Stats
Appearances Years Player % Correct
240 1997-2013 Ronan O'Gara
86%
232 1998-2013 Peter Stringer
76%
268 1998-2015 Donncha O'Callaghan
59%
217 1998-2011 John Hayes
59%
201 1994-2008 Anthony Foley
55%
241 2007-Present Billy Holland
41%
212 1996-2011 Alan Quinlan
34%
203 1997-2012 David Wallace
34%
207 1998-2003, 2005-2012 Mick O'Driscoll
24%
225 1999-2013 Marcus Horan
17%
No matching quizzes found
Score Distribution
Percent of People with Each Score
Percentile by Number Answered
Your Score History
You have not taken this quiz since the last reset